USA to Argentina - Statistics

General Stats
  • This quiz has been taken 166 times
  • The average score is 7 of 8
Answer Stats
Steps Country % Correct
Country 1 Mexico
100%
Country 8 Brazil
91%
Country 7 Colombia
91%
Country 6 Panama
91%
Country 2 Guatemala
90%
Country 5 Costa Rica
89%
Country 4 Nicaragua
89%
Country 3 Honduras
88%
No matching quizzes found
Score Distribution
Percent of People with Each Score
Percentile by Number Answered
Your Score History
You have not taken this quiz